000 00848nam a22002775i 4500
001 16643
003 ES-MaACL
005 20230906151351.0
007 t|
008 001020s1997 sp ||||0| spa j
020 _a84-7517-456-6
040 _aM-BN
_bspa
_cM-BN
080 _a820-14"18"
100 1 _aKeats, John.
_967699
245 1 0 _aOdas y sonetos /
_cJohn Keats ; traducción, introducción y notas de Alejandro Valero.
250 _a1ª ed., 1ª reimp.
260 _aMadrid :
_bHiperión,
_c1997.
300 _a195 p. :
_b1 retr. ;
_c20 cm.
490 1 _aPoesía Hiperión ;
_v263
500 _aTexto en inglés y traducción en español.
700 1 _aValero, Alejandro.
_9112651
830 0 _aPoesía Hiperión ;
_v263
_9177326
852 _aES-MaACL
_jL-23699
_bR.128872
999 _c16643
_d16643